| 000 | 00848ntm a2200217 i 4500 | ||
|---|---|---|---|
| 001 | 189634 | ||
| 003 | ES-MaACL | ||
| 005 | 20250628063408.0 | ||
| 008 | 190708q1640 sp |||| | spa d | ||
| 080 | _a502.64 | ||
| 245 | 0 | 1 |
_a[Descripción de minerales y yacimientos de la provincia de Alicante?] _h[Manuscrito]. |
| 260 | _c[ca. 1640] | ||
| 300 |
_a1 hoja ; _c21 cm. |
||
| 500 | _aLegado de Federico de Botella y de Hornos | ||
| 650 | 7 |
_9150460 _aYacimientos minerales |
|
| 651 | 4 |
_aRecursos minerales- _zAlicante. _9226224 |
|
| 852 |
_aES-MaACL _cSPB _hLegado de Federico de Botella y de Hornos _jB-8924(24) _xEncuadernado en un vol. facticio agrupado con el nombre en el lomo: España, geología, memorias y documentos varios 1 a 8 |
||
| 942 |
_2udc _cMANUSCRITO _n0 |
||
| 999 |
_c189634 _d189634 |
||